| 000 -LEADER |
| fixed length control field |
00575nam a22002057a 4500 |
| 008 - FIXED-LENGTH DATA ELEMENTS--GENERAL INFORMATION |
| fixed length control field |
131112b xxu||||| |||| 00| 0 alb d |
| 020 ## - INTERNATIONAL STANDARD BOOK NUMBER |
| International Standard Book Number |
9992702753 |
| 041 0# - LANGUAGE CODE |
| Language code of text/sound track or separate title |
alb |
| 080 ## - UNIVERSAL DECIMAL CLASSIFICATION NUMBER |
| Universal Decimal Classification number |
338.48 |
| Common auxiliary subdivision |
(075.8) |
| 100 1# - Rafti |
| Rafti |
Koja, Vita |
| 245 10 - TITLE STATEMENT |
| Title |
Bazat e Turizmi / |
| Statement of responsibility, etc |
Vita Koja, Klodiana Gorica |
| 260 ## - |
| -- |
Tiranë : |
| -- |
Shtëpia botuese e librit universitar ; |
| -- |
2004. |
| 300 ## - |
| -- |
328 f. ; |
| -- |
23cm. |
| 500 ## - |
| -- |
Parathënie : f. [7]-10 |
| 505 ## - |
| -- |
Literatura : f.321-326 |
| 650 ## - |
| -- |
Turizmi |
| 650 ## - |
| -- |
Tregëtia turistike |
| 700 1# - |
| -- |
Gorica, Klodiana |
| 942 ## - ADDED ENTRY ELEMENTS (KOHA) |
| Source of classification or shelving scheme |
|
| Item type |
Books |